<Das> Wohnungsbauprogramm - Investition in die Zukunft

Na minha lista:
Detalhes bibliográficos
Autor principal: Krause, Hans
Formato: Livro
Idioma:alemão
Publicado em: Berlin Dietz 1989
Edição:1. Aufl.
Tags: Adicionar Tag
Sem tags, seja o primeiro a adicionar uma tag!

MARC

LEADER 00000nam a2200000 4500
001 c036316
005 20221206131725.0
041 0 |a ger 
044 |a DE 
245 1 0 |a <Das> Wohnungsbauprogramm - Investition in die Zukunft  |c Hans Krause 
250 |a 1. Aufl. 
264 1 |a Berlin  |b Dietz  |c 1989 
300 |a 80 s. 
100 1 |a Krause, Hans